000 00321 a2200109 4500
001 ART_47847
005 20260410162041.0
008 260409a
245 1 0 _aEfectos de la opción del revalúo impositivo contable
100 1 _aBello, Alberto M.
773 0 _tImpuestos
_g- N°38 (oct. 2018)
_wREV45175
999 _c34927
_d34927